000 00589nam a2200205 4500
003 OSt
005 20260530115307.0
008 260508b1970 |||ao||| |||| 001 0 eng d
040 _aICI
_bspa
_cICI
050 _aNK1370
_b.F47
100 1 _aFerebee, Ann
_932187
245 1 0 _aA History of Design from the Victorian era to the Present
264 1 _bVan Nostrand ReinHold Company
_c1970
_aInglaterra
300 _a128 páginas
336 _atexto
_2rdacontent
337 _asin medio
_2rdamedia
338 _avolumen
_2rdacarrier
650 _aDiseño
_xHistoria
_91572
942 _2lcc
_cBK
_n1
999 _c13149
_d13149